000 00694nam a22002177a 4500
999 _c15197
_d15197
003 AR-CdUCM
008 190426b ||||| |||| 00| 0 spa d
020 _a978-607-16-3767-3
040 _aMUNICIPALIDAD PROVINCIAL DEL CUSCO
_cBIBLIOTECA MUNICIPAL DEL CUSCO
082 _aPI / 808.06 /
_bS76
100 _aSerra, Adolfo
_934227
245 _aEl bosque dentro de mí /
260 _aMéxico :
_bFondo de cultura económica,
_c2016.
300 _bIlustraciones,
_c25 cm.
500 _aNo cuenta con numeración de paginas
650 _aNaturaleza para niños
_934228
650 _aInfantil
_96210
650 _aLiteratura infantil
_9588
942 _2ddc
_cLIBROS
945 _adavv
_d26/04/2019